000 01539nam a22003857a 4500
003 CHAP
005 20220329143716.0
008 110317s2011 mx r 00010 spa d
010 _a100677
011 _a101649
035 _a112337
040 _cCHAP
090 _aTesis
100 1 _aDelgado Percastegui, Jean Paul
_931645
245 1 0 _aValoración económica de paisajes forestales afectados por incendios, en el Estado de Hidalgo
_h[En línea]
_c/por Jean Paul Delgado Percastegui
260 _aChapingo, Méx. :
_bEl autor,
_c2011
500 _aPara ver el contenido del material haga clic en la liga
502 _aTesis (M.C. en Ciencias Forestales) -- UACH. División de Ciencias Forestales
590 _aALEPH
_b10
_c20130110
_lUCH01
_h1539
590 _aBATCH-UPD
_b10
_c20130110
_lUCH01
_h1616
590 _aBATCH-UPD
_b10
_c20130410
_lUCH01
_h1011
590 _aBATCH-UPD
_b10
_c20130914
_lUCH01
_h0724
590 _aBATCH-UPD
_b10
_c20140324
_lUCH01
_h1524
590 _aBATCH-UPD
_b10
_c20141002
_lUCH01
_h0848
590 _aCONVERSION
_b10
_c20130109
_lUCH01
_h1355
650 1 4 _aBosques
_xIncendios.
_914211
650 1 4 _aBosques
_xValoración.
_914409
650 1 4 _aBosques
_zHidalgo.
_914415
650 1 4 _aDesarrollo de la comunidad
_zHidalgo.
_931982
856 _3Finding aid
_uhttp://10.13.5.2/tesis/112337.pdf
_zTeclea aqui
901 _aBK
942 _cFOLL
949 _aTesis
_bBC
_cTES
_d33724002235819
_eTS1
_gDonaciØn
_h52086
_i112337
_st
949 _aTesis
_bBC
_cTES
_d33724002235850
_eTS2
_fc.2
_gDonaciØn
_h52087
_i112337
_st
999 _c100677
_d100677